000 00543cam a22001931 4500
001 3112694
005 20180130071843.0
008 721219s1962 mnuag j 000 0 eng
010 _a 62018816
040 _aDLC
_cDLC
_dDLC
041 _aeng
080 _a78 rob
082 0 0 _a78 rob
100 1 _a45
101 _amus
245 1 0 _aFolk instruments /
_cby Lee Gilmore ; illustrated by George Overlie. Prepared under the supervision of Robert W. Surplus.
906 _a7
_bcbc
_corignew
_du
_eocip
_f19
_gy-gencatlg
942 _2ddc
_cBK
999 _c41290
_d41290